|
|
|
|
| LEADER |
00000naa2a2200000 4500 |
| 001 |
388128 |
| 005 |
20231101063713.0 |
| 035 |
|
|
|a (RuTPU)RU\TPU\prd\18909
|
| 090 |
|
|
|a 388128
|
| 100 |
|
|
|a 20031022a2003 k y0rusy50 ca
|
| 101 |
0 |
|
|a rus
|
| 102 |
|
|
|a RU
|
| 200 |
1 |
|
|a Техника и технология локального крепления скважин экспандируемыми трубами
|f Ш. Ф. Татаутдинов, Н. Г. Ибрагимов, Х. З. Кавеев и др.
|
| 225 |
1 |
|
|a Бурение скважин
|
| 461 |
|
1 |
|0 (RuTPU)RU\TPU\prd\1638
|x 0028-2448
|t Нефтяное хозяйство
|o научно-технический производственный журнал
|d 1925-1940, 1946-
|
| 463 |
|
1 |
|0 (RuTPU)RU\TPU\prd\18440
|t № 8
|v С 40-41
|d 2003
|
| 610 |
1 |
|
|a нефтяные скважины
|
| 610 |
1 |
|
|a крепление
|
| 610 |
1 |
|
|a оборудование
|
| 610 |
1 |
|
|a профильные трубы
|
| 701 |
|
1 |
|a Татаутдинов
|b Ш. Ф.
|
| 701 |
|
1 |
|a Ибрагимов
|b Н. Г.
|
| 701 |
|
1 |
|a Кавеев
|b Х. З.
|
| 701 |
|
1 |
|a Абдрахманов
|b Г. С.
|
| 701 |
|
1 |
|a Ибатуллин
|b Р. Р.
|
| 701 |
|
1 |
|a Юсупов
|b И. Г.
|
| 701 |
|
1 |
|a Хамитьянов
|b Н. Х.
|
| 801 |
|
1 |
|a RU
|b 63413507
|c 20031022
|g PSBO
|
| 801 |
|
2 |
|a RU
|b 63413507
|c 20131028
|g RCR
|
| 942 |
|
|
|c BK
|